Augustus S. Boernstein correspondence, (Record no. 44801)

MARC details
000 -LEADER
fixed length control field 01528cpcaa2200325 a 4500
001 - CONTROL NUMBER
control field mm2009085482
003 - CONTROL NUMBER IDENTIFIER
control field DLC
005 - DATE AND TIME OF LATEST TRANSACTION
control field 20260227111731.0
008 - FIXED-LENGTH DATA ELEMENTS--GENERAL INFORMATION
fixed length control field 090825|||||||||||| eng
010 ## - LIBRARY OF CONGRESS CONTROL NUMBER
LC control number mm2009085482
040 ## - CATALOGING SOURCE
Original cataloging agency DLC
Transcribing agency DLC
Description conventions dacs
Modifying agency DLC
072 #7 - SUBJECT CATEGORY CODE
Subject category code W
Source lcmd
100 1# - MAIN ENTRY--PERSONAL NAME
Personal name Boernstein, Augustus S.
245 00 - TITLE STATEMENT
Title Augustus S. Boernstein correspondence,
Inclusive dates 1864.
300 ## - PHYSICAL DESCRIPTION
Extent 1
Type of unit item.
506 0# - RESTRICTIONS ON ACCESS NOTE
Terms governing access Open to research.
520 8# - SUMMARY, ETC.
Summary, etc. ALS with cover (29 September 1864; in the field near Chapin's Bluff, Va.) from by Boernstein, acting commander of the 4th United States Army Colored Infantry Regiment, describing the Battle of New Market, Va., particularly the actions of Christian A. Fleetwood and Charles Veale (1838-1872) for which they were awarded the Medal of Honor.
545 0# - BIOGRAPHICAL OR HISTORICAL DATA
Biographical or historical data Union Army officer.
546 ## - LANGUAGE NOTE
Language note Collection material in English.
580 ## - LINKING ENTRY COMPLEXITY NOTE
Linking entry complexity note Forms part of: Miscellaneous Manuscripts collection.
600 10 - SUBJECT ADDED ENTRY--PERSONAL NAME
Personal name Fleetwood, Christian A.
Fuller form of name (Christian Abraham),
Dates associated with a name 1840-1914.
600 10 - SUBJECT ADDED ENTRY--PERSONAL NAME
Personal name Veale, Charles,
Dates associated with a name 1838-1872.
610 10 - SUBJECT ADDED ENTRY--CORPORATE NAME
Corporate name or jurisdiction name as entry element United States.
Subordinate unit Army.
-- Colored Infantry Regiment, 4th (1863-1866)
650 #0 - SUBJECT ADDED ENTRY--TOPICAL TERM
Topical term or geographic name entry element New Market, Battle of, New Market, Va., 1864.
651 #0 - SUBJECT ADDED ENTRY--GEOGRAPHIC NAME
Geographic name United States
General subdivision History
Chronological subdivision Civil War, 1861-1865
General subdivision Campaigns.
651 #0 - SUBJECT ADDED ENTRY--GEOGRAPHIC NAME
Geographic name Virginia
General subdivision History
Chronological subdivision Civil War, 1861-1865.
656 #7 - INDEX TERM--OCCUPATION
Occupation Army officers.
Source of term itoamc

No items available.

Powered by Koha